Principios de Marketing

Detalles Bibliográficos
Autor principal: Maldonado Pinto, Jorge Enrique
Formato: eBook
Lenguaje:español
Publicado: Bogot:̀ Ediciones de la U, 2013
Materias:
Acceso en línea:Acceso restringido

MARC

LEADER 00000nam a22000007a 4500
005 2018103004324.0
007 cr|||| ||||
008 181030s2013 co |||||s|||| 00||0 spa d
035 |a 22090 
040 |a vLex 
090 |c 8221  |d 8221 
100 1 |a Maldonado Pinto, Jorge Enrique 
245 1 0 |a Principios de Marketing  |h [Recurso electrn̤ico] /  |c Jorge Enrique Maldonado Pinto 
256 |a Servicio en ln̕ea 
260 |a Bogot:̀  |b Ediciones de la U,  |c 2013 
300 |a 1 recurso electrn̤ico 
506 1 |a Disponible solo en los productos indicados  |d vLex Global  |d vLex Global (Academic Edition, excluding Law Schools)  |d vLex Global (U.S. Academic Edition, Law Schools)  |d vLex Global (U.S. Academic Edition, excluding Law Schools)  |d vLex Global (Academic Edition, Law Schools) 
650 0 4 |a Economa̕ y negocios  |z Colombia 
650 0 4 |a Marketing  |z Colombia 
740 0 |a vLex Libros (Servicio en ln̕ea) 
856 4 0 |u http://vlex.com/source/principios-de-marketing-22090  |z Acceso restringido 
942 |c BOOK 
999 0 |a Economy and business 
999 0 |a Marketing